Spot the British Prime Ministers Quiz Stats

 Plays Quiz Updated Jul 24, 2019

Score 0/8 Timer 04:00
2 Plays Today
% Correct
Margaret Thatcher
1979-1990
98.8%
Theresa May
2016-2019
95.8%
Boris Johnson
2019-(incumbent)
95.4%
Tony Blair
1997-2007
94.2%
David Cameron
2010-2016
90.2%
John Major
1990-1997
85.1%
Gordon Brown
2007-2010
83.6%
James Callaghan
1976-1979
64.8%

You're not logged in!

Compare scores with friends on all Sporcle quizzes.
OR
Log In

Sporcle TV

Today on Sporcle TV


Watch our educational content, quiz creation guides, and fun videos on Sporcle TV.

Show Comments

Extras

Top Quizzes Today


Score Distribution

Your Account Isn't Verified!

In order to create a playlist on Sporcle, you need to verify the email address you used during registration. Go to your Sporcle Settings to finish the process.

Report this User

Report this user for behavior that violates our Community Guidelines.

Details: